000
00400nam a22000977a 4500
100
_a
पंडित,अंजलि
_9
79940
245
_a
हिन्दी साहित्य प्रश्नोत्तरी
260
_a
नई दिल्ली
_b
कादम्बरी प्रकाशन
_c
2019
650
_a
सामान्य ज्ञान
_9
328
942
_c
HIN
999
_c
63480
_d
63480